|
|
|
|
| LEADER |
00000cam a2200000 i 4500 |
| 001 |
1/39415 |
| 008 |
030821s1997 gr | ||| |||| ||gre|| |
| 020 |
|
|
|a 9607818008
|
| 035 |
|
|
|l 10070619
|
| 040 |
|
|
|a GR-MyUA
|b gre
|e AACR2
|
| 041 |
0 |
|
|a gre
|
| 082 |
0 |
|
|a 938.658
|2 (22)
|
| 100 |
1 |
|
|a Αναγνώστου, Στρατής Ι.,
|d 1962-
|
| 245 |
1 |
2 |
|a Ο ελληνοτουρκικός πόλεμος του 1897 και ο αντίκτυπος του στη Λέσβο /
|c Στρατής Ι. Αναγνώστου.
|
| 260 |
|
|
|a Μυτιλήνη :
|b Πορεία,
|c 1997.
|
| 300 |
|
|
|a 220 σ. :
|b εικ. ;
|c 24 εκ.
|
| 504 |
|
|
|a Περιλαμβάνει βιβλιογραφία.
|
| 650 |
|
0 |
|a Greco-Turkish War, 1897
|z Greece
|z Lesbos (Municipality)
|
| 651 |
|
0 |
|a Lesbos (Greece : Municipality)
|x History
|y 19th century.
|
| 852 |
|
|
|a INST
|b CHIOS
|e 20030821
|h 938.974 ANA
|p 005200012826
|q 005200012826
|t BK
|y 0
|
| 852 |
|
|
|a INST
|b LESVOS
|e 20030821
|h 938.974 ANA
|p 005100026801
|q 005100026801
|t BK
|y 0
|
| 852 |
|
|
|a INST
|b RHODES
|e 20030821
|h 938.974 ΑΝΑ
|p 005400019965
|q 005400019965
|t BK
|y 0
|
| 852 |
|
|
|a INST
|b SAMOS
|e 20030821
|h 938.974 ΑΝΑ
|p 005300023843
|q 005300023843
|t BK
|y 0
|
| 852 |
|
|
|a INST
|b SYROS
|e 20090206
|h 938.658 ΑΝΑ
|p 005500008698
|q 005500008698
|t BK
|y 0
|
| 901 |
|
|
|a BIBL5-2009-1
|
| 901 |
|
|
|a BIBL3-2003-3
|
| 901 |
|
|
|a BIBL1-2003-3
|
| 901 |
|
|
|a BIBL4-2003-3
|
| 901 |
|
|
|a BIBL2-2003-3
|
| 909 |
|
|
|a Ε
|b 154528
|
| 909 |
|
|
|a Σ
|b 088012
|
| 909 |
|
|
|a Λ
|b 106174
|
| 909 |
|
|
|a Ρ
|b 104943
|
| 909 |
|
|
|a Χ
|b 107733
|
| 922 |
|
|
|a 3ΕΛΗ
|b 2002011
|c ΤΑΚ/ΚΥΒ
|d ΕΙΡΜΟΣ
|
| 922 |
|
|
|a 1ΕΛΗ
|b 200212
|c ΤΑΚ/ΚΥΒ
|d ΕΙΡΜΟΣ
|
| 950 |
|
|
|a 023-2002-11-29
|
| 970 |
|
|
|a ΧΡΙΣΤΟΦΑ
|b ΝΙΚΗ
|z 2003/09/23
|